| 000 | 00652 a2200145 4500 | ||
|---|---|---|---|
| 082 | _a- | ||
| 100 |
_aWaleed Bin Shahid _992981 |
||
| 245 |
_aDesign and development of an automatic frequency planning tool for cellular networks _cWaleed Bin Shahid, Masab Javes Abbasi & Muhammad Umair |
||
| 260 |
_aIslamabad : _bNUST School of Electrical Engineering & Computer Science, _c2009. |
||
| 300 |
_ax, 83 p. : _bill. ; _c27 cm + _eCD-ROM |
||
| 500 | _aSupervisors : Ms. Madeeha Owais, Mr. Altamash Ahmad. | ||
| 700 |
_aMasab Javes Abbasi & Muhammad Umair _992982 |
||
| 856 | _u http://10.250.8.41:8080/xmlui/handle/123456789/13093 | ||
| 942 |
_cPR _kBICSE-3 WAL _2ddc |
||
| 999 |
_c10038 _d10038 |
||